| 000 | 00634nam a2200229Ia 4500 | ||
|---|---|---|---|
| 003 | OSt | ||
| 005 | 20250311164844.0 | ||
| 008 | 210210b2000 xxu||||| |||| 00| 0 eng d | ||
| 040 | _cAL | ||
| 041 | _aKannada | ||
| 082 | _aK894.1 KUVS | ||
| 100 |
_aKUVEMPU _988908 _dಕುವೆಂಪು |
||
| 245 |
_aSamagra kavya samputa - 2 _bಸಮಗ್ರ ಕಾವ್ಯ ಸಂಪುಟ - ೨ |
||
| 260 |
_aVidyaranya _bPrasaranga _c2000 |
||
| 300 | _axxxix,1054 | ||
| 440 |
_a2 _988909 |
||
| 650 |
_aKannada paddya _988910 |
||
| 650 |
_aPuttappa KV _9205692 |
||
| 690 |
_aKannada Poetry _988911 |
||
| 906 | _a056538 | ||
| 942 |
_2ddc _cBK |
||
| 999 |
_c103619 _d103619 |
||